Statistics for Ultimate COD Zombies Quiz Waw - Cold War

Click here to take the quiz!

General Stats

  • This quiz has been taken 349 times
  • The average score is 15 of 36

Answer Stats

QuestionsAnswer% Correct
How many maps had celebrity casts?5
91%
What map involved defeating Nikolai to retrieve his soul?Gorod Krovi
87%
What Map introduced buildables?Tranzit
86%
Where is pack a punch located in the map Mob of the DeadGolden Gate Bridge
81%
What map introduced Pack a Punch?Der Riese
80%
Which map features the Ultimis crew for the first time?Shi No Numa
79%
What Perk was only seen on the map "Die Rise"Whos Who
77%
What game was the only one to not feature Nacht Der Untoten?Black Ops 4
73%
How many maps' names are in German?7
72%
What map introduced Gersh Devices?Ascension
70%
What map was originally intended to be in WAW, but was moved to BO1?Kino Der Toten
55%
What is the name of the giant robot that walks over No Man's Land?Odin
51%
What must be completed to receive the achievement "Little Lost Girl"Origins Easter Egg
51%
Where do conspiracy theorists believe Shangri La to be?Mars
48%
What secret wallbuy is on Der Eisendrache?BRM
47%
What map occurs at the same time as Moon?Nuketown
46%
What perk machine can be seen, but not obtained in multiple maps?PHD Flopper
40%
What is the Pentagon Thief's real name?Yuri
36%
Who sent the 115 meteors to earth?Apothicons
32%
What is the name of the group that eats zombies?Flesh
32%
What is the name of the upgraded Wind Staff?Boreas Fury
24%
Who documents the Great War?Pablo
24%
According to the machine, How much does Juggernog (pre cold war) cost?10 cents
23%
Who's bones are scattered throughout Der Eisendrache?Wolf King
23%
What is the name of the upgraded Bloodhound?Meat Wagon
20%
What is the full name of the "Baby Gun"31-79 JGb215
19%
What year was Samantha Maxis born?1934
18%
What water is required to grow the Masamune Upgrade part?Rainbow
18%
Which perk changes cost depending on what game system you're playing on?Deadshot Daquiri
17%
What Gobblegum gives you a new weapon every 10 seconds?Disorderly Combat
16%
Chronologically, what is the 3rd map to have 4 elemental Wonder Weapons?Ancient Evil
15%
What Black Ops campaign mission contains the steps of the Origins Easter Egg?Vorkuta
15%
Who created the Pack a Punch machine?Jebediah Brown
9%
Besides "Archangel" what is the other easter egg song on Origins?Shepherd of Fire
9%
What year does the Victis story begin?2035
8%
What perk had it's name changed in a later game?Electric Cherry
8%

Score Distribution

Percentile by Number Answered

Percent of People with Each Score

Your Score History

You have not taken this quiz